| 000 | 004440000a22001330004500 | ||
|---|---|---|---|
| 773 | 0 | _tTeartimes | |
| 100 | 1 | _aHill, Jo | |
| 245 | 1 | 0 | _aThe other global crisis |
| 300 | _aVol.0, núm.121 (Autumn 2008), Páginas 8-12 | ||
| 500 | _aCrisis mundial de alimentos | ||
| 520 | _a- Tierra terca - Que tengan abundancia - Que cultivan sus propios cultivos - Iglesia en comunidad - Capacidad para recuperar | ||
| 650 | 1 | 4 | _aALIMENTOS-MUNDO |
| 942 | _cANA | ||
| 999 |
_c62735 _d62735 |
||